000 00905nam a2200265 a 4500
008 080730s2008||||xo o g 000 0 slo d
020 _a9788089258260
_q(viaz.)
_c10
040 _aSNK
_bslo
_cSNK
_eAACR2
041 0 _aslo
_aeng
043 _ae-xo---
044 _axo
_cSK
_cSK
072 7 _a94(437)
_xDejiny Česka a Slovenska
_2konspekt
080 _a94(437.6)
_22001
080 _a(048.8)
_22001
100 1 _aEštok, Adrián
245 1 0 _aGiraltovce
_c[autorský kolektív: Adrián Eštok, Alžbeta Škurlová, Alena Kmecová ; zostavovateľ: Alena Kmecová]
250 _a[1. vyd.]
260 _a[Michalovce]
_bExcel enterprise
_c2008
300 _a64 s.
_bfotogr. (prevažne fareb.)
_c29 cm
500 _aVyd. pre mesto Giraltovce
651 7 _aGiraltovce
_xdejiny
_2SNKPH
651 7 _aGiraltovce
_xhistory
_2SNKPHeng
700 1 _aŠkurlová, Alžbeta
_4aut
700 1 _aKmecová, Alena
_4aut
_4com
999 _c15292
_d15292